000 00455nam a22001697i 4500
020 _a9712313352
050 1 4 _aBC 39.5
_bP65
100 _aPiñon, Manuel T.
245 _aFundamental logic
_cFr. Manuel T. Piñon
264 1 _aManila:
_bRex publishing,
_c1973.
300 _axiv, 324 pages;
_c22 cm.
336 _atext
_btxt
_2rdacontent
337 _aunmediated
_bn
_2rdamedia
338 _avolume
_bnc
_2rdacarrier
650 _a1.Logic, I.Title
942 _cF
999 _c3996
_d3996